LEADER 01028nam0-2200325---450- 001 990009950840403321 005 20150415152542.0 010 $a978-88-243-2129-7 035 $a000995084 035 $aFED01000995084 035 $a(Aleph)000995084FED01 035 $a000995084 100 $a20150402d----2012km-y0itay50------ba 101 0 $aita 102 $aIT 105 $ay-------001yy 200 1 $a<>aggiudicazione nel sistema delle vendite forzate$fPasqualina Farina 210 $aNapoli$cJovene$d2012 215 $aXVI, 613 p.$d24 cm 225 1 $aPubblicazioni del Dipartimento di scienze giuridiche. Università degli studi di Roma <>$v64 610 0 $aVendita forzata$aLegislazione$aItalia 676 $a346.45072$v19.$zita 700 1$aFarina,$bPasqualina$0524881 801 0$aIT$bUNINA$gRICA$2UNIMARC 901 $aBK 912 $a990009950840403321 952 $aNN-343$b731-0$fDDRC 959 $aDDRC 996 $aAggiudicazione nel sistema delle vendite forzate$9821232 997 $aUNINA LEADER 01202cam0-22003251i-450- 001 990004781730403321 005 20140131141025.0 035 $a000478173 035 $aFED01000478173 035 $a(Aleph)000478173FED01 035 $a000478173 100 $a19990604d1788----km-y0itay50------ba 101 0 $alat 102 $aIT 105 $ay-------001yy 200 1 $aTiti Lucretii Cari De rerum natura libros sex. Interpretatione et notis illustravit Michael Fayus .. iussu Christianissimi regis in usum serenissimi Delphini 210 $aBassani ; prostant Venetiis$capud Remondini$d1788 215 $aXXIV, 672 p.$d27 cm 517 1 $aDe rerum natura libros sex 676 $a870$v22$zita 700 1$aLucretius Carus,$bTitus$f<97-55 a. C.>$071848 702 1$aDu Fay,$bMichael$f 719 00$aRemondini,$bGiuseppe$c<2.>$4650 801 0$aIT$bUNINA$gRICA$2UNIMARC 901 $aAQ 912 $a990004781730403321 952 $aSG 870/B 66$bR. Bibl. 105$fFLFBC 959 $aFLFBC 996 $aTiti Lucretii Cari De rerum natura libros sex. Interpretatione et notis illustravit Michael Fayus .. iussu Christianissimi regis in usum serenissimi Delphini$9559813 997 $aUNINA